Speed AZ Quiz - ITALY Stats

 Plays Quiz not verified by Sporcle

Challenge
Share
Tweet
Embed
Score 0/21 Timer 03:00
0 Plays Today
Initials Answers % Correct
FFERRARI
85.3%
AASSISI
83.8%
PPISA
82.4%
EELBA
80.9%
LLIRA
80.9%
DDAVID
79.4%
TTURIN (Torino)
75%
BBARI
72.1%
SSAN MARINO
69.1%
GGARDA
67.6%
IIONIAN SEA (Mar Ionio)
58.8%
Initials Answers % Correct
ZZERO
57.4%
MMONTECRISTO
50%
NGiorgio NAPOLITANO
48.5%
RRIMINI
45.6%
HHERCULANEUM
44.1%
QQUIRINAL PALACE
42.6%
CCAMPIONE D'ITALIA
35.3%
OOTRANTO
35.3%
VVIAREGGIO
29.4%
UUSTICA
26.5%

You're not logged in!

Compare scores with friends on all Sporcle quizzes.
Join for Free
OR
Log In

You Might Also Like...

Show Comments

Extras

Created Aug 31, 2011SourceReportNominate
Tags:initial, italy, speed, within

Top Quizzes Today


Score Distribution

Your Account Isn't Verified!

In order to create a playlist on Sporcle, you need to verify the email address you used during registration. Go to your Sporcle Settings to finish the process.

Report this User

Report this user for behavior that violates our Community Guidelines.

Details: